Tous les Rois après François Ier - Statistiques

Statistiques générales
  • Ce quiz a été pris 35 fois
  • Le résultat moyen est 11 sur 12
Statistiques - réponses
Dates de reigne Rois % Correct
1610 – 1643 Louis XIII
100%
1643 – 1715 Louis XIV
100%
1715 – 1774 Louis XV
100%
1774 – 1792 Louis XVI
100%
1560 – 1574 Charles IX
97%
1824 – 1830 Charles X
97%
1547 – 1559 Henri II
94%
1574 – 1589 Henri III
94%
1589 – 1610 Henri IV
94%
1830 – 1848 Louis Philippe Ier
79%
1559 – 1560 François II
76%
1814 – 1824 Louis XVIII
62%
Aucun quiz correspondant
Distribution des résultats
% des personnes avec chaque résultat
Percentile par nombre de réponses
Votre historique - résultats
Vous n’avez pas pris ce quiz